| 000 | 01329nam a2200373 i 4500 | ||
|---|---|---|---|
| 003 | CO-BoRNBP | ||
| 005 | 20230411160830.0 | ||
| 007 | ta | ||
| 008 | 220207t2021 ck ||||| |||| 00| 0dspa d | ||
| 020 | _a9789587534375 | ||
| 040 |
_aCO-BoRNBP _bspa _erda _cCO-BoRNBP |
||
| 041 | 0 | _aspa | |
| 043 | _as-ck--- | ||
| 082 | 0 | 4 |
_a860.8 _bM35b4 _223 |
| 245 | 0 | 4 |
_aLos hijos de ella _bAmira de la Rosa _cprólogo Patricia Ariza ; edición Natalia Mejía E. ; corrección Ludwing Cepeda Aparicio |
| 250 | _aOctava edición | ||
| 264 | 1 |
_aBogotá, Colombia _bMinisterio de Cultura _c2021 |
|
| 264 | 4 | _c©2021 | |
| 300 |
_a120 páginas _c21 cm |
||
| 336 |
_atexto _btxt _2rdacontent |
||
| 337 |
_asin mediación _bn _2rdamedia |
||
| 338 |
_avolumen _bnc _2rdacarrier |
||
| 490 | 0 |
_aBiblioteca de Escritoras Colombianas _v4 |
|
| 490 | 0 | _aDramaturgia | |
| 500 | _aIncluye datos biográficos de la autora | ||
| 600 | 1 | 4 |
_aRosa, Amira de la _d1895-1974 _vBiografías _91111 |
| 650 | 1 | 7 |
_aTeatro colombiano _ySiglo XIX _2ARMARC _91112 |
| 650 | 1 | 7 |
_aLiteratura colombiana _ySiglo XIX _2ARMARC _91088 |
| 650 | 1 | 7 |
_aMatrimonio en la literatura _ySiglo XIX _2ARMARC _91113 |
| 700 | 1 |
_aAriza, Patricia _eprologuista _91114 |
|
| 700 | 1 |
_aMejía E., Natalia _eeditora _91097 |
|
| 700 | 1 |
_aCepeda Aparicio, Ludwing _ecorrector _91092 |
|
| 942 |
_2ddc _cBK |
||
| 999 |
_c9362 _d9362 |
||